000 01046cam a22002174a 4500
005 20250605164157.0
008 250528s ||||||||||||||||||||||||d
035 _a19638
020 _a9600106843
040 _aGR-AtMCL
_bgre
_dGR-AtMCL
_eAACR2
245 1 _aΜΕΘΟΔΟΛΟΓΙΚΟΣ ΣΧΕΔΙΑΣΜΟΣ ΠΑΙΔΑΓΩΓΙΚΗΣ ΚΑΙ ΚΟΙΝΩΝΙΚΗΣ ΕΡΕΥΝΑΣ
250 _a1
260 _bGutenberg,
_c2001
300 _a251
505 0 _aΠΡΟΕΤΟΙΜΑΖΟΝΤΑΣ ΤΟ ΕΔΑΦΟΣ ΕΠΙΛΕΓΟΝΤΑΣ ΜΕΘΟΔΟΥΣ ΓΙΑ ΤΗ ΣΥΛΛΟΓΗ ΔΕΔΟΜΕΝΩΝ ΕΡΜΗΝΕΥΟΝΤΑΣ ΤΑ ΔΕΔΟΜΕΝΑ ΚΑΙ ΠΑΡΟΥΣΙΑΖΟΝΤΑΣ ΤΑ ΕΥΡΗΜΑΤΑ
520 _aΠΡΟΕΤΟΙΜΑΖΟΝΤΑΣ ΤΟ ΕΔΑΦΟΣ ΕΠΙΛΕΓΟΝΤΑΣ ΜΕΘΟΔΟΥΣ ΓΙΑ ΤΗ ΣΥΛΛΟΓΗ ΔΕΔΟΜΕΝΩΝ ΕΡΜΗΝΕΥΟΝΤΑΣ ΤΑ ΔΕΔΟΜΕΝΑ ΚΑΙ ΠΑΡΟΥΣΙΑΖΟΝΤΑΣ ΤΑ ΕΥΡΗΜΑΤΑ
700 1 _aBell Judith
_92581
942 _cBK
999 _c4894
_d4894